002430000a220007300045001000017000002450062000173000044000797730046001231 aGrogan, G.W.10aThe significance of pentecost in the history of salvation aVol. 4, Num. 2 (1986), Páginas 97-1080 tScottish Bulletin of Evangelical Theology